[Event "IECC CL8-2003.26 email"]
[Site "IECC email"]
[Date "2003.12.14"]
[Round "?"]
[White "Vizan, Cristina Blanca"]
[Black "Fergason, Kelly"]
[Result "0-1"]
[WhiteElo "976"]
[BlackElo "1033"]
[PlyCount "28"]
[EventDate "2003.??.??"]
[EventType "tourn (corr)"]
[EventRounds "4"]
[SourceTitle "Corr 2008"]
[Source "ChessBase"]
[SourceDate "2008.06.24"]
[SourceVersion "1"]
[SourceVersionDate "2008.06.24"]
[SourceQuality "1"]

1. e4 e5 2. Nf3 f5 3. exf5 e4 4. Nc3 exf3 5. gxf3 d5 6. d4 Bxf5 7. Bb5+ c6 8. Ba4 Nf6 9. f4 Bd6 10. f3 0-0 11. 0-0 Nh5 12. b3 Nxf4 13. a3 Qg5+ 14. Kh1 Qg2# 0-1